000 00910nam a22001937a 4500
005 20250109145235.0
010 _aHIN-129187
020 _a9789381145272
_c450.00
035 _aHN-101533
037 _bDBAD
082 _a181.432
100 _aप्रेम भारती
_976253
245 _aयोगं शरणं गच्छामि :
_bपतंजलि योग सूत्र पर आधारित /
_cप्रेम भारती
250 _aप्रथम
260 _aप्रतापगढ़, उ. प्र.
_bअंशिका प्रकाशन
_c2021
270 _aडाडी, सगरा सुन्दरपुर प्रतापगढ़
_bप्रतापगढ़, उ. प्र.
_e230001
300 _a152 पृ.
_c21 सेमी (सजिल्द)
942 _2ddc
_cHN
_h181.432
_mभारती
999 _c208161
_d208161